Teoreticko-metodologické problémy účtovníctva Slovenskej republiky v procese zosúlaďovania s právom Európskej únie
Informácia o riešení projektu, zámerom ktorého bolo priniesť nové teoretické poznatky a rozpracovanie konkrétnych metodologických problémov účtovníctva za účelom zabezpečenia transparentnosti informácií poskytovaných finančným výkazníctvom pre rôznych používateľov informácií z účtovníctva v medzinár...
Saved in:
| Main Author: | |
|---|---|
| Format: | Book Chapter |
| Language: | Slovak |
| Subjects: | |
| Tags: |
No Tags, Be the first to tag this record!
|
MARC
| LEADER | 00000naa$a2200000$$$4500 | ||
|---|---|---|---|
| 001 | 0075278 | ||
| 005 | 20240502071901.8 | ||
| 041 | 0 | |a slo | |
| 044 | |a SK | ||
| 245 | 1 | 0 | |a Teoreticko-metodologické problémy účtovníctva Slovenskej republiky v procese zosúlaďovania s právom Európskej únie |c Anna Šlosárová |
| 520 | |a Informácia o riešení projektu, zámerom ktorého bolo priniesť nové teoretické poznatky a rozpracovanie konkrétnych metodologických problémov účtovníctva za účelom zabezpečenia transparentnosti informácií poskytovaných finančným výkazníctvom pre rôznych používateľov informácií z účtovníctva v medzinárodnom meradle. Implementácia rovnakých princípov účtovníctva v podmienkach SR. Výsledky riešenia výskumného projektu za celú dobu riešenia (2005-2007). | ||
| 610 | 2 | 0 | |a účtovníctvo |
| 610 | 2 | 0 | |a teória účtovníctva |
| 610 | 2 | 0 | |a metodológia |
| 610 | 2 | 0 | |a úpravy právne |
| 610 | 2 | 0 | |a aproximácia práva |
| 610 | 2 | 0 | |a Slovensko |
| 610 | 2 | 0 | |a Európska únia |
| 100 | 1 | |a Šlosárová, Anna | |